000 01213cam a2200373 i 4500
001 95699
003 ARRUPE
005 20150528132335.0
008 820902s1979 ne b 001 0 eng
010 _a 79010004
020 _a9027707367
020 _a9027709475 (pbk.)
035 _a(OCoLC)4775354
035 _a(OCoLC)ocm04775354
035 _a(CStRLIN)NYCG82-B38165
035 _a(NNC)95699
040 _cArrupe
050 0 _aQ175.3.M689
082 _a501 s
_a501/.84
090 _aQ174
_b.B67 vol. 48
100 1 _aWartofsky, Marx W.
_914126
245 1 0 _aModels :
_brepresentation and the scientific understanding /
_cMarx W. Wartofsky.
260 _aDordrecht, Holland ;
_aBoston :
_bD. Reidel Pub. Co.,
_cc1979.
300 _axxvi, 390 p. ;
_c23 cm.
490 1 _aBoston studies in the philosophy of science ;
_vv. 48
490 1 _aSynthese library ;
_vv. 129
504 _aIncludes bibliographical references and indexes.
650 0 _aScience
_xMethodology.
_917295
650 0 _aScience
_xPhilosophy.
_917296
830 0 _aBoston studies in the philosophy of science ;
_vv. 48.
_917297
830 0 _aSynthese library ;
_vv. 129.
_98192
942 _2lcc
_cMONOGRAPH
999 _c122700
_d122700